000 00298nam a22001337a 4500
020 _a978-81-264-1681-3
082 _a823
_bSEE/T
100 _aSEETHA
245 _aTHE ELVES AND THE SHOEMAKER
260 _aKOTTAYAM
_bDC BOOKS
300 _a29
650 _aENGLISH SHORT STORY
_zKERALA
942 _cBK
999 _c3280
_d3280